Catálogo

LOGICA FORMAL, LOGICA DIALECTICA (Registro nro. 33908)

Detalles MARC
000 -LEADER
fixed length control field 00491nam a2200181 a 4500
001 - CONTROL NUMBER
control field 33908
005 - DATE AND TIME OF LATEST TRANSACTION
control field 20180714001932.0
008 - FIXED-LENGTH DATA ELEMENTS--GENERAL INFORMATION
fixed length control field 140415s1977 000 0 spa d
041 ## - LANGUAGE CODE
Language code of text/sound track or separate title spa
082 ## - DEWEY DECIMAL CLASSIFICATION NUMBER
Classification number 160
Item number LEF
100 1# - MAIN ENTRY--PERSONAL NAME
Personal name LEFEBRE, HENRY
245 10 - TITLE STATEMENT
Title LOGICA FORMAL, LOGICA DIALECTICA
250 ## - EDITION STATEMENT
Edition statement 6a ed.
260 ## - PUBLICATION, DISTRIBUTION, ETC.
Place of publication, distribution, etc. [s.l.] :
Name of publisher, distributor, etc. SIGLO XXI EDITORES,
Date of publication, distribution, etc. 1977
300 ## - PHYSICAL DESCRIPTION
Extent 346
650 14 - SUBJECT ADDED ENTRY--TOPICAL TERM
Topical term or geographic name entry element LOGICA
General subdivision MATERIALISMO DIALECTICO
700 1# - ADDED ENTRY--PERSONAL NAME
Personal name BENITEZ EIROA, MA. ESTHER
Relator term tr.
Existencias
Withdrawn status Lost status Source of classification or shelving scheme Damaged status Not for loan Collection code Home library Current library Shelving location Date acquired Source of acquisition Inventory number Total Checkouts Full call number Barcode Date last seen Price effective from Koha item type
    Dewey Decimal Classification     General Biblioteca Karol Wojtyla Biblioteca Karol Wojtyla Sala general 03/12/2013 Compra 151000000000000000063471   160 LEF 51462 05/01/2026 03/12/2013 Libro